00370pab a2200145 454500008004000000100002600040245004000066260000900106300001200115362001600127650001700143650001900160650001900179773002600198180718b1998 xxu||||| |||| 00| 0 eng d aTiwary, Shailendra K. aSocial justice: Gandhi and Ambedkar c1998 ap.55-66 aSpring-Fall aGandhi, M.K. aAmbedkar, B.R. aSocial justice aGandhian Perspectives